000 00627nam a2200229 i 4500
001 C2-0130831
003 PPAK
005 20180727121956.0
008 971007s1983 xxk |||| ||||| | eng d
020 _a0361056087
040 _aPPAK
_beng
_cPPAK
_erda
082 0 4 _a398.245
_223
090 0 0 _a398.245
_bGRA
_dK
100 1 _aGrahame, Kenneth,
_eauthor
245 1 0 _aTales from the wind in the willows :
_bthe river bank
264 1 _aBristol :
_bPurnell Books ,
_c1983
300 _a21 pages ;
_c24 cm
336 _2rdacontent
_atext
337 _2rdamedia
_aunmediated
338 _2rdacarrier
_avolume
942 _ddc
_cB
999 _c40288
_d40288